Citiworks AG v Sachsisches Staatsministerium fur Wirtschaft und Arbeit as regulatory authority for the land (Record no. 80289)

MARC details
000 -LEADER
fixed length control field 01752cad a22001815a 4500
001 - CONTROL NUMBER
control field L143821
008 - FIXED-LENGTH DATA ELEMENTS--GENERAL INFORMATION
fixed length control field 080603e2008 xxk 000 0 eng d
035 ## - SYSTEM CONTROL NUMBER
System control number (Sirsi) u143821
041 0# - LANGUAGE CODE
Language code of text/sound track or separate title eng
245 00 - TITLE STATEMENT
Title Citiworks AG v Sachsisches Staatsministerium fur Wirtschaft und Arbeit as regulatory authority for the land
Medium [electronic resource]
260 ## - PUBLICATION, DISTRIBUTION, ETC.
Date of publication, distribution, etc. 2008
520 ## - SUMMARY, ETC.
Summary, etc. C-439/06, 22 May 2008. Considered whether it was permissible under European law for national legislation to allow energy monopolies in certain circumstances. A utilities company (C) asked the European Court to rule on the legality of the arrangements for energy supply at Leipzig airport. Electricity was supplied by onsite power generation only, and the operations therefore provided third parties with no opportunity to enter into supply arrangements. German national law permitted monopolised energy supply under certain conditions, and was used in the arrangement. C asked the European Court to rule on its compliance with EU Directive 2003/54/EC Article 20(1). "Held": The German law of energy management exempted operators, in certain conditions, from the requirement to provide access to geographically and logistically closed systems. However this arrangement was precluded by the relevant Article and Directive of European law and the arrangement was therefore not permissible under European legislation. Preliminary ruling made.
590 ## - LOCAL NOTE (RLIN)
Local note KA
651 #4 - SUBJECT ADDED ENTRY--GEOGRAPHIC NAME
Geographic name England and Wales
Chronological subdivision 1543-
690 ## - LOCAL SUBJECT ADDED ENTRY--TOPICAL TERM (OCLC, RLIN)
Topical term or geographic name as entry element PROPERTY-INFRASTRUCTURE-POWER AND MINERAL SUPPLY INFRASTRUCTURE
856 40 - ELECTRONIC LOCATION AND ACCESS
Uniform Resource Identifier <a href="https://curia.europa.eu/jurisp/cgi-bin/gettext.pl?where=&lang=en&num=79919477C19060439&doc=T&ouvert=T&seance=ARRET">https://curia.europa.eu/jurisp/cgi-bin/gettext.pl?where=&lang=en&num=79919477C19060439&doc=T&ouvert=T&seance=ARRET</a>
Public note View the judgment free of charge at http://curia.europa.eu
942 ## - ADDED ENTRY ELEMENTS (KOHA)
Suppress in OPAC 0
Holdings
Withdrawn status Lost status Source of classification or shelving scheme Damaged status Not for loan Home library Current library Shelving location Date acquired Total Checkouts Full call number Barcode Date last seen Copy number Price effective from Koha item type
    Dewey Decimal Classification     Virtual Virtual Online 03/06/2008   ONLINE PUBLICATION 143821-1001 06/08/2019 1 06/08/2019 Law report